000 00738nam a2200229Ia 4500
001 4233
003 GE_BSU
008 181216s||||||||xx |||||||||||||| ||und||
040 _cGE_BSU
080 _a678.042(035.5)
100 _aДринберг,С.А. Ицко,Э.Ф.
245 _aРастворители для лакокрасочных материалов.
245 _bСправочное пособие.
245 _cРед. А.Е. Пинчук.
250 _a2-е изд. перераб. и доп.
260 _aЛ.
260 _bХимия.
260 _c1986.
300 _a208 стр.20 см.с илл.
653 _aРастворители для лакокрасочных материалов.
942 _cBK
999 _c38243
_d38243